| 000 | 01468nam0a22003611 4500 | ||
|---|---|---|---|
| 001 | v19\rc\1219832 | ||
| 005 | 20251225002053.0 | ||
| 035 | _a(NLR Aleph) 004450738 | ||
| 090 |
_a4471936 _c4471936 |
||
| 100 | _a20060306d1874 u y0rusy50 ca | ||
| 101 | 0 | _arus | |
| 102 | _aRU | ||
| 105 | _ay z ||||| | ||
| 135 | _acrcn 024anaba | ||
| 200 | 1 |
_aКрым _eПрирода, население и особенности края |
|
| 210 |
_aСанкт-Петербург _cтип. П.П. Меркульева _d1874 |
||
| 215 |
_a47 с. _d18 |
||
| 225 | 1 |
_aРусское царство _fА.К. Завадский-Краснопольский |
|
| 325 | _aКопия доступна в Электрон. б-ке РНБ | ||
| 700 | 1 |
_aЗавадский-Краснопольский _bА.К. _f1840-1889 _gАндрей Кириллович |
|
| 790 | 1 |
_aКраснопольский _bА.К. _f1840-1889 _gАндрей Кириллович |
|
| 801 | 0 |
_aRU _bNLR _gpsbo |
|
| 801 | 1 |
_aRU _bProSoft-M _2rusmarc |
|
| 852 |
_aNLR _j18.109.7.384 |
||
| 856 | 0 | _uhttps://vivaldi.nlr.ru/bx000076492/view | |
| 856 | 1 | _uhttps://vivaldi.nlr.ru/bx000076492/cover | |
| 856 | 2 | _uhttps://vivaldi.nlr.ru/bx000076492/text | |
| 901 | _eКнижные издания | ||
| 942 | _cBOOK | ||
| 980 | _aNB | ||
| 981 | 4 | 8 | _a(48) Крым: история в документах |